Sistema interamericano de protección de los Derechos Humanos y derecho penal internacional

Uloženo v:
Podrobná bibliografie
Hlavní autoři: Ambos, Kai (Autor), Malarino, Ezequiel (Autor), Elsner, Gisela (Autor)
Médium: Kniha
Jazyk:španělština
Vydáno: Montevideo Fundación Konrad Adenauer 2010
Témata:
Tagy: Přidat tag
Žádné tagy, Buďte první, kdo vytvoří štítek k tomuto záznamu!

MARC

LEADER 00000cam a2200000 a 4500
001 UCG5143
003 CL-VaPUC
008 110106e20100000UY |||||||||||||||||spa|d
020 |a 9789974809963t.1 
020 |a 9789974828902t.2 
082 0 4 |a 341.481  |b AMB  |2 21 
100 0 |a Ambos, Kai  |e author  |9 554690 
700 0 |a Malarino, Ezequiel  |e author  |9 554691 
700 0 |a Elsner, Gisela  |e author  |9 554692 
245 1 0 |a Sistema interamericano de protección de los Derechos Humanos y derecho penal internacional 
300 |a t 
942 |c BK 
945 |d 20110106 00:00:00  |a dcastane 
260 |a Montevideo  |b Fundación Konrad Adenauer  |c 2010 
650 0 |a Derechos humanos  |9 223025 
650 0 |a Derecho internacional  |9 255637 
650 0 |a Derecho penal internacional  |9 371889 
583 |a last modification  |c 20140425 09:57:54  |k Rodrigo Vera 
999 |c 343690  |d 343688 
952 |0 0  |1 0  |4 0  |6 341_481000000000000_AMB_2010  |7 0  |8 A  |9 441202  |a BIBDER  |b BIBDER  |d 2019-11-22  |h t.1  |i 4745396  |o 341.481 AMB 2010  |p 4745396  |r 2023-01-25  |w 2019-11-22  |y BK  |k DER 
952 |0 0  |1 0  |4 0  |6 341_481000000000000_AMB_2010  |7 0  |8 A  |9 441203  |a BIBDER  |b BIBDER  |d 2019-11-22  |h t.1  |i 4747178  |l 1  |m 2  |o 341.481 AMB 2010  |p 4747178  |q 2025-12-31  |r 2020-03-20  |s 2020-03-20  |w 2019-11-22  |y BK  |k DER 
952 |0 0  |1 0  |4 0  |6 341_481000000000000_AMB_2010  |7 0  |8 A  |9 441204  |a BIBDER  |b BIBDER  |d 2019-11-22  |h t.2  |i 4843991  |o 341.481 AMB 2010  |p 4843991  |r 2023-01-25  |w 2019-11-22  |y BK  |k DER 
952 |0 0  |1 0  |3 erb  |4 0  |6 341_481000000000000_AMB_2010  |7 0  |8 A  |9 441205  |a BIBDER  |b BIBDER  |h t.3  |i 5067782  |o 341.481 AMB 2010  |p 5067782  |r 2023-01-25  |w 2019-11-22  |y BK  |z Catalogado en:20140409  |k DER